000 00428nam a2200181Ia 4500
001 3816
005 20260306145711.0
008 260306t2000||||xx |||||||||||||| ||spa||
041 _aESP
082 _a303.4834
_bR35
100 _aRegal Villa, Eduardo
_eAUT
245 0 _a¿Es inofensiva la computadora?
260 _c2000
300 _a31 páginas :
_c18 cm.
650 _aGEN
654 _aCHU
942 _cLIB
_dJUS
_fJUS
_2ddc
_n
999 _c3816
_d3816